000 00630nam a2200205Ii 4500
003 JO-AjNU
008 230606s9999||||xx |||||||||||||| ||und||
020 _a978-0-521-84325-6/978-0-521-60399-7
040 _aJO-AjNU
_beng
_erda
_cJO-AjNU
041 _aeng
050 1 4 _aPS377.C73 2007
100 3 _aCrane, Gregg,
_eauthor
_92611
245 0 4 _athe cambridge introducation to the Ninineteenth -century American Novel
264 3 1 _aAmerican :cambridge 2007
300 _a238p
336 _atext
_btxt
_2rdacontent
337 _aunmediated
_bn
_2rdamedia
338 _avolume
_bnc
_2rdacarrier
650 4 _aNovel-American
_92612
999 _aE1365
_c1365
_d1365